=LDR 00000nam 2200000 4500 =001 INLIS000000000035988 =005 20130612141812 =008 ***********************************Ind** =035 ##$$0010-061300000035988 =041 ##$$a Ind =082 ##$$a 899.211 1 =090 ##$$a 899.211 1, Dam m =100 ##$$a Damono,Sapardi djoko =245 ##$$a Mata pisau, sajak-sajak, Sapardi djoko damono =260 ##$$a 1992 $b Jakarta =300 ##$$a 66 hlm, 21 cm =850 ##$$a NBPNMAT =990 ##$$a 0001/BPAP-NTB/2016